Catalog

Record Details

Catalog Search



Džbánek pohádek  Cover Image Book Book

Džbánek pohádek / Na motivy slováckých lid. pohádek naps. Zuzana Renčová ; Předlohy shromáždili a doslov naps. Václav Frolec a Dušan Holý ; [Barev.] il. Jiří Šindler

Summary:

Na motivy lidových pohádek ze Slovácka napsala autorka sbírku osobitých, zčásti veršovaných pohádek, zachovávajících svéráznost slováckého folklóru.

Record details

  • Physical Description: 150, [2] s. ; 8°
  • Edition: 1. vyd.
  • Publisher: Brno : Blok, 1968

Content descriptions

General Note:
Obálka: ilustrátor
Zdobené předsádky

Available copies

  • 1 of 1 copy available at Common Catalog SPOK.

Holds

  • 0 current holds with 1 total copy.
Show Only Available Copies
Location Call Number / Copy Notes Barcode Shelving Location Status Due Date
Hospic Dobrého Pastýře BE-R
Tematická katagorie: Beletrie (BE)
204595701592 Knihovna Available -

LDR 01020nam a22002531 4500
00129684
003CZ-PrJAB
00520171205205104.0
008971003s1968 xr cze
015 . ‡acnb000450701
035 . ‡a(CZ PrNK)bk196902805
035 . ‡a(OCoLC)7160967
040 . ‡aABA001 ‡bcze ‡cABA001 ‡dABA001
080 . ‡a885-93-343.4:398.2(437.2 Slovácko) ‡2undef
1001 . ‡aNováková, Zuzana, ‡d1943- ‡7jk01102347 ‡4aut
24510. ‡aDžbánek pohádek / ‡cNa motivy slováckých lid. pohádek naps. Zuzana Renčová ; Předlohy shromáždili a doslov naps. Václav Frolec a Dušan Holý ; [Barev.] il. Jiří Šindler
250 . ‡a1. vyd.
260 . ‡aBrno : ‡bBlok, ‡c1968 ‡f(G 06)
300 . ‡a150, [2] s. ; ‡c
500 . ‡aObálka: ilustrátor
500 . ‡aZdobené předsádky
520 . ‡aNa motivy lidových pohádek ze Slovácka napsala autorka sbírku osobitých, zčásti veršovaných pohádek, zachovávajících svéráznost slováckého folklóru.
910 . ‡aBNE702
964 . ‡aPohádky slovácké
998 . ‡a000450701
901 . ‡a29684 ‡b ‡c29684 ‡tbiblio

Additional Resources